Quiz sur un club N°1 - PSG - Statistiques

Statistiques générales
  • Ce quiz a été pris 174 fois
  • Le résultat moyen est 62 sur 90
Statistiques - réponses
Question Tuile Select % Correct
Quand a été crée le PSG ? 5 juin 1970 Non
94%
Par quel club le PSG fut éliminer en quarts de final pendant la LDC de 2016 Ac Milan Non
93%
Par quel club le PSG fut éliminer en quarts de final pendant la LDC de 2016 Ajax Non
93%
Par quel club le PSG fut éliminer en quarts de final pendant la LDC de 2016 Inter Milan Non
93%
Par quel club le PSG fut éliminer en quarts de final pendant la LDC de 2016 Juventus Non
92%
Quand a été crée le PSG ? 11 aout 1970 Non
90%
Par quel club le PSG fut éliminer en quarts de final pendant la LDC de 2016 Manchester United Non
90%
Quels sont les joueurs brésilien qui sont passer par le PSG ? Bernard Moraly Non
88%
En revanche quel club le PSG a t-il battus en 8éme de final de la LDC de 2016 ? Inter Milan Non
88%
Quand a été crée le PSG ? le 15 aout 1975 Non
88%
Quand a été crée le PSG ? 13 aout 1970 Non
87%
Quels sont les joueurs brésilien qui sont passer par le PSG ? Tripy Makonda Non
87%
En revanche quel club le PSG a t-il battus en 8éme de final de la LDC de 2016 ? Ac Milan Non
86%
Quels sont les joueurs brésilien qui sont passer par le PSG ? Bartholomew Ogbeche Non
86%
Quels sont les joueurs qui ont étaient gardien au PSG ? Boukary Dramé Non
86%
Quels sont les joueurs passer par le psg et par l'OM ? César Azpilicueta Non
86%
Quels sont les joueurs brésilien qui sont passer par le PSG ? David Luiz Oui
86%
Quels sont les joueurs africains qui sont passer par le PSG ? Geraldão Non
86%
Quels sont les joueurs portugais qui sont passer par le PSG ? James Debbah Non
86%
Quels sont les joueurs portugais qui sont passer par le PSG ? João Neves Oui
86%
Quels sont les joueurs africains qui sont passer par le PSG ? Joel Camargo Non
86%
Quels sont les joueurs ayant marquer le plus avec le PSG ? min 100 buts Marco Verratti Non
86%
Quels sont les joueurs ayant jouer le plus de match avec le PSG ? min 300 matchs Marquinhos Oui
86%
Quels sont les joueurs passer par le psg et par l'OM ? Rabiot Oui
86%
Quels sont les joueurs portugais qui sont passer par le PSG ? William N'Jo Léa Non
86%
Quand a été crée le PSG ? 12 juillet 1970 Non
85%
Quels sont les joueurs portugais qui sont passer par le PSG ? Danilo Pereira Oui
85%
Quels sont les joueurs passer par le psg et par l'OM ? Gaël Andonian Non
85%
Quels sont les joueurs qui ont étaient gardien au PSG ? Gianluigi Buffon Oui
85%
Quels sont les joueurs brésilien qui sont passer par le PSG ? Lucas Beraldo Oui
85%
En revanche quel club le PSG a t-il battus en 8éme de final de la LDC de 2016 ? Real Madrid Non
85%
Quand a été crée le PSG ? 10 aout 1970 Non
84%
Quand a été crée le PSG ? 5 aout 1970 Non
84%
En revanche quel club le PSG a t-il battus en 8éme de final de la LDC de 2016 ? Ajax Non
84%
Par quel club le PSG fut éliminer en quarts de final pendant la LDC de 2016 Chelsea Non
84%
Quels sont les joueurs africains qui sont passer par le PSG ? Eric-Maxim Choupo-Moting Oui
84%
En revanche quel club le PSG a t-il battus en 8éme de final de la LDC de 2016 ? Fc Barçelone Non
84%
En revanche quel club le PSG a t-il battus en 8éme de final de la LDC de 2016 ? Juventus Non
84%
En revanche quel club le PSG a t-il battus en 8éme de final de la LDC de 2016 ? Manchester United Non
84%
Quels sont les joueurs passer par le psg et par l'OM ? Nuno Tavares Non
84%
Par quel club le PSG fut éliminer en quarts de final pendant la LDC de 2016 Real Madrid Non
84%
Quand a été crée le PSG ? 14 aout 1970 Non
83%
Quels sont les joueurs africains qui sont passer par le PSG ? Serge Aurier Oui
83%
Quels sont les joueurs ayant jouer le plus de match avec le PSG ? min 300 matchs Éric Renaut Non
82%
Quels sont les joueurs passer par le psg et par l'OM ? Frank Anguissa Non
82%
Quels sont les joueurs brésilien qui sont passer par le PSG ? Lucas Oui
82%
Quels sont les joueurs ayant marquer le plus avec le PSG ? min 100 buts Lucas Moura Non
81%
En revanche quel club le PSG a t-il battus en 8éme de final de la LDC de 2016 ? Manchester City Non
81%
Quels sont les joueurs qui ont étaient gardien au PSG ? Bernard Dumot Non
80%
Quels sont les joueurs qui ont étaient gardien au PSG ? Éverton Santos Non
79%
Quels sont les joueurs ayant marquer le plus avec le PSG ? min 100 buts Javier Pastore Non
78%
Quels sont les joueurs africains qui sont passer par le PSG ? Abdou Diallo Oui
76%
Quels sont les joueurs portugais qui sont passer par le PSG ? Cristóbal Non
76%
Quels sont les joueurs ayant marquer le plus avec le PSG ? min 100 buts François M'Pelé Non
76%
Quels sont les joueurs ayant marquer le plus avec le PSG ? min 100 buts Pauleta Oui
75%
Quels sont les joueurs ayant jouer le plus de match avec le PSG ? min 300 matchs Neymar Jr Non
71%
Quels sont les joueurs africains qui sont passer par le PSG ? Bandiougou Fadiga Non
70%
Quels sont les joueurs africains qui sont passer par le PSG ? Apoula Edel Non
69%
Quels sont les joueurs ayant marquer le plus avec le PSG ? min 100 buts Neymar Oui
69%
Par quel club le PSG fut éliminer en quarts de final pendant la LDC de 2016 Fc Barçelone Non
65%
Quels sont les joueurs qui ont étaient gardien au PSG ? Marcin Bulka Oui
64%
Quels sont les joueurs brésilien qui sont passer par le PSG ? Pauleta Non
63%
Quels sont les joueurs ayant jouer le plus de match avec le PSG ? min 300 matchs Edinson Cavani Oui
61%
Quels sont les joueurs ayant jouer le plus de match avec le PSG ? min 300 matchs Javier Pastore Non
61%
Quels sont les joueurs qui ont étaient gardien au PSG ? Nicolas Douchez Oui
61%
Quels sont les joueurs ayant marquer le plus avec le PSG ? min 100 buts Safet Sušić Non
61%
Quels sont les joueurs portugais qui sont passer par le PSG ? Leonardo Non
59%
En revanche quel club le PSG a t-il battus en 8éme de final de la LDC de 2016 ? Chelsea Oui
58%
Quels sont les joueurs passer par le psg et par l'OM ? Frédéric Dehu Non
54%
Quels sont les joueurs qui ont étaient gardien au PSG ? Grégory Coupet Oui
54%
Quels sont les joueurs africains qui sont passer par le PSG ? Mustapha Dahleb Oui
52%
Quels sont les joueurs africains qui sont passer par le PSG ? Lassana Diarra Non
51%
Quels sont les joueurs ayant marquer le plus avec le PSG ? min 100 buts Ángel Di María Non
47%
Quels sont les joueurs passer par le psg et par l'OM ? Gabriel Heinze Oui
47%
Quels sont les joueurs passer par le psg et par l'OM ? Fabrice Fiorèse Non
46%
Par quel club le PSG fut éliminer en quarts de final pendant la LDC de 2016 Manchester City Oui
44%
Quels sont les joueurs qui ont étaient gardien au PSG ? Jérôme Alonzo Oui
39%
Quels sont les joueurs qui ont étaient gardien au PSG ? Apoula Edel Oui
38%
Quels sont les joueurs ayant jouer le plus de match avec le PSG ? min 300 matchs Blaise Matuidi Non
37%
Quels sont les joueurs ayant marquer le plus avec le PSG ? min 100 buts Dominique Rocheteau Oui
35%
Quels sont les joueurs brésilien qui sont passer par le PSG ? Marcos Ceará Oui
33%
Quels sont les joueurs ayant jouer le plus de match avec le PSG ? min 300 matchs Paul Le Guen Oui
31%
Quels sont les joueurs passer par le psg et par l'OM ? Edouard Cissé Oui
29%
Quels sont les joueurs ayant jouer le plus de match avec le PSG ? min 300 matchs Ángel Di María Non
22%
Quand a été crée le PSG ? 12 aout 1970 Oui
21%
Quels sont les joueurs ayant jouer le plus de match avec le PSG ? min 300 matchs Mustapha Dahleb Oui
20%
Quels sont les joueurs brésilien qui sont passer par le PSG ? Reinaldo Oui
16%
Quels sont les joueurs portugais qui sont passer par le PSG ? Fernando Cruz Oui
12%
Quels sont les joueurs portugais qui sont passer par le PSG ? Hugo Leal Oui
10%
Quels sont les joueurs portugais qui sont passer par le PSG ? Daniel Kenedy Oui
3%
Aucun quiz correspondant
Distribution des résultats
% des personnes avec chaque résultat
Percentile par nombre de réponses
Votre historique - résultats
Vous n’avez pas pris ce quiz